000
00326nam a2200133Ia 4500
008
151001s9999||||xx |||||||||||||| ||und||
100
_a
ऊ ज शेळके
245
_a
जायबंदी
250
_a
1
260
_b
सरस प्रकाशन
260
_c
1983
300
_a
143
365
_b
21
999
_c
963354
_d
963351